Normal view
MARC view
- Cruzan, Ryan
Entry Personal Name
001 - CONTROL NUMBER
- control field: 118038
003 - CONTROL NUMBER IDENTIFIER
- control field: NUST
005 - DATE AND TIME OF LATEST TRANSACTION
- control field: 20230919143554.0
008 - FIXED-LENGTH DATA ELEMENTS
- fixed length control field: 230919|| aca||aabn | a|a d
040 ## - CATALOGING SOURCE
- Original cataloging agency: NUST
- Transcribing agency: NUST
100 ## - HEADING--PERSONAL NAME
- Personal name: Cruzan, Ryan
670 ## - SOURCE DATA FOUND
- Source citation: Work cat.: (NUST)599650: Cruzan, Ryan , Manager's guide to preventive building maintenance /, 2019-09-27
